Cristiani oggi in un mondo di comunicazione (Record no. 99503)

MARC details
000 -LEADER
fixed length control field 01085njm a2200277Ia 4500
001 - CONTROL NUMBER
control field 24418
003 - CONTROL NUMBER IDENTIFIER
control field IT-RoPAU
005 - DATE AND TIME OF LATEST TRANSACTION
control field 20220918181117.0
008 - FIXED-LENGTH DATA ELEMENTS--GENERAL INFORMATION
fixed length control field 131025s9999 xx 000 0 und d
040 ## - CATALOGING SOURCE
Original cataloging agency IT-RoPAU
040 ## - CATALOGING SOURCE
Transcribing agency IT-RoPAU
041 ## - LANGUAGE CODE
Language code of text/sound track or separate title ITALIANO
999 ## - SYSTEM CONTROL NUMBERS (KOHA)
Koha Dewey Subclass [OBSOLETE] n.d.
100 ## - MAIN ENTRY--PERSONAL NAME
Personal name AA.VV.
9 (RLIN) 794
100 ## - MAIN ENTRY--PERSONAL NAME
Relator term Autore testo/musica
9 (RLIN) 10610
100 ## - MAIN ENTRY--PERSONAL NAME
Miscellaneous information Codice autore testo/musica SPICS: 12000
9 (RLIN) 10611
245 ## - TITLE STATEMENT
Title Cristiani oggi in un mondo di comunicazione
250 ## - EDITION STATEMENT
Edition statement 1a ed.
260 ## - PUBLICATION, DISTRIBUTION, ETC. (IMPRINT)
Place of publication, distribution, etc. ROMA
260 ## - PUBLICATION, DISTRIBUTION, ETC. (IMPRINT)
Name of publisher, distributor, etc. SPICS RECORDS
Date of publication, distribution, etc. 1984 [1a Ed.:1984 - Ed. Lingua Orig.: 1984]
300 ## - PHYSICAL DESCRIPTION
Extent MUSICASSETTA
500 ## - GENERAL NOTE
General note Programma radiofonico. Elaborato studenti Spics.
505 ## - FORMATTED CONTENTS NOTE
Formatted contents note Programma radiofonico realizzato dagli studenti dello Spics anno 1983-1984. Parte del progetto "Alberione" che comprende anche la realizzazione della videocassetta "Don Alberione ieri e oggi" Codice 37397. Interviste a don Mambritto, don Giovannini, don Castaneda, don Esposito
650 ## - SUBJECT ADDED ENTRY--TOPICAL TERM
Topical term or geographic name as entry element RELIGIOSO [ELABORATI STUDENTI SPICS]
Relator term Codice MATERIA SPICS: 9905
9 (RLIN) 10612
942 ## - ADDED ENTRY ELEMENTS (KOHA)
Koha item type MUSICASSETTE
Source of classification or shelving scheme Dewey Decimal Classification
Holdings
Withdrawn status Lost status Damaged status Not for loan Home library Current library Date acquired Total Checkouts Full call number Date last seen Price effective from Koha item type Public note
    Buone Condizioni Not For Loan SPICS-MEDIATECA SPICS-MEDIATECA 25/10/2013   24418 25/10/2013 25/10/2013 MUSICASSETTE Progr. Ins.: 5263 / N.Vol.: 2 / Copie: 1 - Copia rara: n.d. / date import: 01.01.2014 - By Epidotti, Trombetti, Vaglietti
CREDITS: SOCIETA' SAN PAOLO Via A.Severo, 58 - ROMA (RM) & PERIODICI SAN PAOLO SRL Via Giotto, 36 MILANO & CISF Via Giotto, 36 MILANO & EDIZIONI SAN PAOLO SRL,  Piazza Soncino, 5 CINISELLO BALSAMO (MI) -- ITALY